WOHA : selected projects, Volume 1 /

Bibliographische Detailangaben
1. Verfasser: Bingham-Hall, Patrick
Format: Buch
Sprache:English
Veröffentlicht: Singapore : Pesaro Pub., c2011.
Schlagworte:
Classic Catalogue: View this record in Classic Catalogue
LEADER 01539nam a22003257a 4500
001 33354
003 BD-DhAAL
005 20250625105752.0
008 180712t2011 si a|||| b||| 001 0 eng d
020 |a 9781877015304 
040 |a BD-DhAAL  |d BD-DhAAL 
082 |a 720.95 
100 |a Bingham-Hall, Patrick.  |9 26978 
245 |a WOHA :  |b selected projects,  |n Volume 1 /  |c Patrick Bingham-Hall. 
260 |a Singapore :   |b Pesaro Pub.,   |c c2011. 
300 |a 296 pages :  |b illustrations (some color), plans (some color) ;  |c  35 cm. 
362 |a Vol. 1 
500 |a text and photography Patrick Bingham-Hall 
504 |a Includes bibliographical references and index 
505 |a The world of WOHA -- 'Good' architecture -- Constant innovation -- Bras Basah MRT Station -- Stadium MRT Station -- The met -- Alila Villas Uluwatu -- iluma -- Sanya InterContinental Resort -- School of the Arts, Singapore -- Project chronology -- Award list. 
526 |a ARC 
541 |a Department of Architecture  |e 33354 
650 |a Architecture  |z Asia.  |9 26979 
650 |a Architecture  |z Australia.  |9 26980 
650 |a WOHA (Firm).  |9 26981 
650 |a Architectural firms  |z Singapore.  |9 26982 
852 |a Department of Architecture  |c General Stacks 
942 |2 ddc  |c BK 
999 |c 39699  |d 39699 
952 |0 0  |1 0  |2 ddc  |4 0  |6 720_950000000000000_BIN  |7 0  |9 63727  |a BRACUL  |b BRACUL  |c GEN  |d 2018-07-12  |e Department of Architecture   |l 5  |m 63  |o 720.95 BIN  |p 3010033354  |q 2026-03-12  |r 2025-10-11  |s 2025-10-11  |t 1  |w 2018-07-12  |y BK  |x Transferred from ARC to BRACUL on 28/12/2023